000 00359nam a2200145Ia 4500
008 230711s9999||||xx |||||||||||||| ||und||
041 _aENG
082 _a5
_bSI-D
100 _aSingh B
245 0 _aIntroduction to data structure
250 _a10th
260 _c1988
_aNew Delhi
_bGalgotia Publications Pvt.Ltd
650 _aComputer Engineering
942 _cBK
999 _c184
_d184